Phát triển doanh nghiệp nhỏ và vừa ở Việt Nam hiện nay Sách chuyên khảo

সংরক্ষণ করুন:
গ্রন্থ-পঞ্জীর বিবরন
প্রধান লেখক: Nguyễn, Trường Sơn
বিন্যাস: গ্রন্থ
প্রকাশিত: Hà Nội Chính trị quốc gia 2014
বিষয়গুলি:
ট্যাগগুলো: ট্যাগ যুক্ত করুন
কোনো ট্যাগ নেই, প্রথমজন হিসাবে ট্যাগ করুন!
Thư viện lưu trữ: Trung tâm Học liệu Lê Vũ Hùng, Trường Đại học Đồng Tháp
LEADER 00826pam a22002298a 4500
001 00044821
005 20191014081001.0
008 170516s2006 ||||||Viesd
020 # # |a 9786045707302  |c 60000 
041 0 # |a Vie 
082 1 # |a 338.709 597  |b PH110TR 
100 1 # |a Nguyễn, Trường Sơn 
245 0 0 |a Phát triển doanh nghiệp nhỏ và vừa ở Việt Nam hiện nay  |c Nguyễn Trường Sơn  |b Sách chuyên khảo 
260 # # |a Hà Nội  |b Chính trị quốc gia  |c 2014 
300 # # |a 367 tr.  |c 21 cm. 
653 # # |a Doanh nghiệp 
653 # # |a Kinh tế 
653 # # |a Phát triển 
653 # # |a Việt Nam 
852 # # |j KD.0026293  |j KM.0033195  |j KM.0033194 
910 # # |d 14/10/2019 
980 # # |a Trung tâm Học liệu Lê Vũ Hùng, Trường Đại học Đồng Tháp